Countries with Embassies and Consulates in Surabaya - Statistics

General Stats
  • This quiz has been taken 44 times
  • The average score is 5 of 6
Answer Stats
Continent Country % Correct
North America United States of America
100%
Asia Japan
94%
Asia China
89%
Asia Malaysia
89%
Asia India
80%
Asia Singapore
80%
No matching quizzes found
Score Distribution
Percent of People with Each Score
Percentile by Number Answered
Your Score History
You have not taken this quiz